Biblioteca

Juan Wesley, su vida y su obra (Registro nro. 64914)

Detalles MARC
000 -LÍDER
Campo fijo de descripción fija 01369nam a22003017a 4500
001 - NÚMERO DE CONTROL
Campo de control 768714001
003 - IDENTIFICADOR DEL NÚMERO DE CONTROL
Campo de control CO-MdFUSB
005 - FECHA Y HORA DE LA ULTIMA TRANSACCIÓN
control field 20190815063837.0
008 - ELEMENTOS DE LONGITUD FIJA -- INFORMACIÓN GENERAL
Campo fijo de descripción fija -- Información general 190401b ||||| |||| 00| 0 eng d
020 ## - NÚMERO INTERNACIONAL NORMALIZADO PARA LIBROS
Número Internacional Normalizado del libro 9781563441684
040 ## - FUENTE DE CATALOGACIÓN
Agencia que realiza la transcripción CO-MdFUSB
Agencia de catalogación original CO-MdFUSB
Idioma de catalogación spa
Agencia que realiza la modificación CO-MdFUSBC
Convenciones de la descripción rda
041 ## - CÓDIGO DE IDIOMA
Código de idioma para texto/pista de sonido o título separado spa
082 ## - NÚMERO DE CLASIFICACIÓN DECIMAL DEWEY
Número de la edición del Dewey 23
Número de clasificación 287.092
Clave de autor-Numero de item L541
100 ## - ASIENTO PRINCIPAL--NOMBRE PERSONAL
Nombre personal Leliévre, Matthieu,
Fechas asociadas con el nombre (1840-1930)
Término relacionador autor.
245 ## - TÍTULO
Título del Material Juan Wesley, su vida y su obra
Mención de responsabilidad, etc. / Mateo Leliévre.
264 #1 - PRODUCCIÓN, PUBLICACIÓN, DISTRIBUCIÓN, MANUFACTURA, Y COPYRIGHT
Lugar de producción, publicación, distribución, manufactura Lenexa, Kansas :
Nombre del productor, publicador, distribuidor Casa Nazarena de Publicaciones,
Fecha de producción, publicación, distribución, manufactura, o copyright [2009].
264 #4 - PRODUCCIÓN, PUBLICACIÓN, DISTRIBUCIÓN, MANUFACTURA, Y COPYRIGHT
Fecha de producción, publicación, distribución, manufactura, o copyright ©2009
300 ## - DESCRIPCIÓN FÍSICA
Extensión 374 páginas;
Dimensiones 22 cm
336 ## - TIPO DE CONTENIDO
Fuente rdacontent
Término de tipo de contenido texto
Código de tipo de contenido txt
337 ## - TIPO DE MEDIO
Fuente rdamedia
Nombre del tipo de medio sin mediación
Código del tipo de medio n
338 ## - TIPO DE SOPORTE
Fuente rdacarrier
Nombre del tipo de soporte volumen
Código Tipo de soporte nc
500 ## - NOTA GENERAL
Nota General "Esta obra es de particular valor para la iglesia evangélica en países latinoamericanos, que busca intensamente la respuesta cristiana a su realidad histórica. Juan Wesley ofrece una pauta para la transformación espiritual y social. Esta obra tiene 374 páginas en atractiva edición rústica" Sergio Franco
504 ## - NOTA DE BIBLIOGRAFÍA, ETC.
Nota de bibliografía, etc Incluye bibliografía (Páginas 5-6).
505 ## - NOTA DE CONTENIDO
Información miscelánea Primera Parte:
Título La Preparación.
Información miscelánea Segunda Parte:
Título Los Comienzos de la obra.
Información miscelánea Tercera Parte:
Título Adelantos de la Obra.
Información miscelánea Cuarta Parte:
Título La Tarde de su Venida.
650 #0 - ASIENTO SECUNDARIO DE MATERIA - TERMINO TEMÁTICO
Término temático o nombre geográfico como elemento de entrada Biografías cristianas
9 (RLIN) 1238
653 ## - TÉRMINO DE INDIZACIÓN - NO CONTROLADO
Término no controlado Wesley, Juan -- Teólogo
942 ## - TIPO DE MATERIAL (KOHA)
Tipo de Item KOHA Libros General
Existencias
Estado de Material Estado de Perdido Forma de Clasificación Estado de Dañado No para Préstamo Colección Biblioteca de Origen Biblioteca Permanente Fecha de Adquisición Forma de Adquisición Total de Préstamos Total de Renovaciones Signatura Topográfica Código de Barras Última vez visto Última vez Préstado Ejemplar/Existencia Fecha de Remplazo Tipo de Material
    Dewey Decimal Classification     Colección General Biblioteca FUSBC Biblioteca FUSBC 01/04/2019 Compra 2 2 G 287.092 L541s 15062 20/11/2024 06/11/2024 Ej. 1 01/04/2019 Libros General

Biblioteca FUSBC | Teléfono: (57+4) 349 88 10 Ext. 141| WhatsApp (+57) 3005338115 
E-mail: biblioteca@unisbc.edu.co | Calle 76 87-14 Robledo Palenque, Medellín, Colombia

Con tecnología Koha